000 00593nam a2200181Ia 4500
008 100920s9999 xx 000 0 und d
082 _b95199
_a28 व 891,461 न 03
100 _aभावे अनंत.
245 _aचलो डोंगरगाव.
260 _bस्पर्श प्रकाशन ,पुणे.
_c2003
300 _a24
_bसाधी
365 _b15
520 _aबा.वि.पद्य.
630 _aचलो डोंगरगाव.
650 _aबा.वि.पद्य.
730 _aचलो डोंगरगाव.
942 _cBOOK
999 _c735641
_d735638